Bhartiya pratispradha kanoon: Ek Sanshipt parichay (Record no. 503196)

000 -LEADER
fixed length control field 00321cam a22000977a 4500
008 - FIXED-LENGTH DATA ELEMENTS--GENERAL INFORMATION
fixed length control field 180718b2010 xxu||||| |||| 00| 0 eng d
082 ## - DEWEY DECIMAL CLASSIFICATION NUMBER
Classification number T12103x54 C738H
245 ## - TITLE STATEMENT
Title Bhartiya pratispradha kanoon: Ek Sanshipt parichay
Statement of responsibility, etc. By. Bhartiya Pratispradha Ayog
260 ## - PUBLICATION, DISTRIBUTION, ETC.
Place of publication, distribution, etc. New Delhi
Name of publisher, distributor, etc. Bhartiya Pratispradha Ayog
Date of publication, distribution, etc. 2010
300 ## - PHYSICAL DESCRIPTION
Extent 34p.
Holdings
Withdrawn status Lost status Damaged status Not for loan Permanent Location Current Location Date acquired Full call number Barcode Date last seen Price effective from Koha item type
        Indian Institute of Public Administration Indian Institute of Public Administration 2018-08-04 T12103x54 C738H GR19662 2018-08-04 2018-08-04 GR

Powered by Koha